003850000a220010900045001000018000002450067000183000053000857730022001389420008001609520090001689990017002581 aTidwell, N.L.10aNo highway! The outline of a semantic description of mesillâ aVol. 45, Num. 2 (Abril, 1995), Páginas 251-2690 tVetus Testamentum cANA 001040708HEMaFUSBCbFUSBCd2016-01-26l0o r2016-01-26 00:00:00w2016-01-26yANA c57994d57994